| 000 | 01014cam a2200313 4500 | ||
|---|---|---|---|
| 005 | 20260322212047.0 | ||
| 008 | data | ||
| 010 | _a 72091420 | ||
| 020 | _a0870441213 | ||
| 020 | _a9780870441219 | ||
| 040 |
_aDLC _cDLC _dDLC |
||
| 042 | _alcac | ||
| 050 | 0 | 0 |
_aQL737.C23 _bN37 |
| 082 | 0 | 0 | _a599/.74428 |
| 092 | _a599 Nat 1972 | ||
| 110 | 2 | _aNational Geographic Society (U.S.) | |
| 245 | 1 | 0 |
_aLion cubs, growing up in the wild. _cNational Geographic Society (U.S.). |
| 260 |
_a[Washington] _cc1972. |
||
| 300 |
_a31 p. _bcol. illus. _c29 cm. |
||
| 440 | 0 | _aBooks for young explorers | |
| 520 | _aDescribes how lion cubs are reared in the wild and some of the hardships they, and other animals like them, encounter. | ||
| 650 | 0 |
_aLion _vJuvenile literature. |
|
| 650 | 0 |
_aLion _xInfancy _vJuvenile literature. |
|
| 650 | 1 | _aLion. | |
| 650 | 1 |
_aAnimals _xInfancy. |
|
| 906 |
_a7 _bcbc _corignew _d2 _eopcn _f19 _gy-gencatlg |
||
| 991 |
_bc-GenColl _hQL737.C23 _iN37 _p00008516054 _tCopy 1 _wBOOKS |
||
| 001 | data | ||
| 999 |
_c1102 _d1102 |
||